| 000 | 01024nam a2200253Ia 4500 | ||
|---|---|---|---|
| 999 |
_c36864 _d36864 |
||
| 001 | 2813 | ||
| 003 | GE_BSU | ||
| 005 | 20190423103422.0 | ||
| 008 | 181216s2005||||ge |||||||||||||| ||geo|| | ||
| 020 | _a9994025422 | ||
| 040 | _cGE_BSU | ||
| 041 | _ageo | ||
| 080 | _a1 შ-51 | ||
| 100 |
_aშერვაშიძე, გულიკო _9369 |
||
| 245 |
_aჟან პოლ სარტის ფილოსოფია / _cგულიკო , შერვაშიძე ; რედ : მურმან გორგოშაძე |
||
| 264 |
_aბათუმი : _b"ბათუმის უნივერსიტეტი" , _c2005 . |
||
| 300 |
_a223 გვ ; _c21 სმ .. |
||
| 504 | _aბიბლიოგრ. : გვ. 220-223 | ||
| 541 | _h12 ლ. | ||
| 653 | _aჟან პოლ სარტის ფილოსოფია | ||
| 653 | _aფილოსოფია . | ||
| 700 |
_a გორგოშაძე მურმან _eრედაქტორი _9370 |
||
| 942 |
_cBK _2udc |
||